Analysis of reliability and quality control (Record no. 65369)
[ view plain ]
| 000 -LEADER | |
|---|---|
| fixed length control field | 01278nam a2200325 a 4500 |
| 100 1# - MAIN ENTRY--AUTHOR NAME | |
| Personal name | Grous, Ammar. |
| 245 10 - TITLE STATEMENT | |
| Title | Analysis of reliability and quality control |
| 260 ## - PUBLICATION, DISTRIBUTION, ETC. (IMPRINT) | |
| Place of publication | London : |
| Name of publisher | ISTE ; |
| Place of publication | Hoboken, N.J. : |
| Name of publisher | Wiley, |
| Year of publication | 2013. |
| 300 ## - PHYSICAL DESCRIPTION | |
| Number of Pages | xii, 259 p. : |
| Other physical details | ill. |
| 490 0# - SERIES STATEMENT | |
| Series statement | Fracture mechanics ; |
| Series statement | Mechanical engineering and solid mechanics series |
| 650 #0 - SUBJECT ADDED ENTRY--TOPICAL TERM | |
| Topical Term | Production management |
| Topical Term | Reliability (Engineering) |
| 856 40 - ELECTRONIC LOCATION AND ACCESS | |
| Uniform Resource Identifier | http://site.ebrary.com/lib/rucke/Doc?id=10658442 |
No items available.
